Provinces et territoires canadiens selon la population - Statistiques

Statistiques générales
  • Ce quiz a été pris 27 fois
  • Le résultat moyen est 10 sur 13
Statistiques - réponses
Province / Territoire % Correct
Ontario
100%
Québec
100%
British Columbia/ Colombie britannique
92%
Alberta
88%
Saskatchewan
83%
Manitoba
79%
New Brunswick/ Nouveau-Brunswick
67%
Nova Scotia/ Nouvelle-Écosse
67%
Prince Edward Island/ Île-du-Prince-Édouard
67%
Yukon
67%
Newfoundland and Labrador/ Terre-Neuve-et-Labrador
63%
Northwest Territories/Territoires du nord-ouest
63%
Nunavut
63%
Aucun quiz correspondant
Distribution des résultats
% des personnes avec chaque résultat
Percentile par nombre de réponses
Votre historique - résultats
Vous n’avez pas pris ce quiz